| 000 -LEADER |
| fixed length control field |
00565nam a22001697a 4500 |
| 008 - FIXED-LENGTH DATA ELEMENTS--GENERAL INFORMATION |
| fixed length control field |
151103b xxu||||| |||| 00| 0 eng d |
| 041 0# - LANGUAGE CODE |
| Language code of text/sound track or separate title |
eng |
| 080 ## - UNIVERSAL DECIMAL CLASSIFICATION NUMBER |
| Universal Decimal Classification number |
621.48 |
| 100 1# - Rafti |
| Rafti |
Alger, Philip Langdon, |
| 245 10 - TITLE STATEMENT |
| Title |
Induction machines, their behavior and uses / |
| Statement of responsibility, etc |
Philip L. Alger ; new introduction by M. Harry Hesse. |
| 250 ## - |
| -- |
2nd ed., completely rev. and updated. |
| 260 ## - |
| -- |
Australia ; |
| -- |
United States : |
| -- |
Gordon and Breach, |
| -- |
c1968 |
| 300 ## - |
| -- |
xix, 518 f. : |
| -- |
me il.; |
| -- |
23 cm. |
| 650 #0 - |
| -- |
Motorët elektrikë |
| 650 #0 - |
| -- |
Induksioni |
| 942 ## - ADDED ENTRY ELEMENTS (KOHA) |
| Source of classification or shelving scheme |
|
| Item type |
Books |